[Event "World op 50th"]
[Site "Philadelphia"]
[Date "2022.07.02"]
[Round "5"]
[White "Hernandez Perez, Pedro"]
[Black "Kondakov, Adrian"]
[Result "1/2-1/2"]
[WhiteElo "2182"]
[BlackElo "2028"]
[PlyCount "102"]
[EventDate "2022.06.30"]
[EventType "swiss"]
[EventRounds "9"]
[EventCountry "USA"]
[SourceTitle "CBM 209 Extra"]
[Source "ChessBase"]
[SourceDate "2022.09.30"]
[SourceVersion "1"]
[SourceVersionDate "2022.09.30"]
[SourceQuality "1"]

1. Nf3 d5 2. g3 Nf6 3. Bg2 e6 4. c4 c6 5. b3 Be7 6. Bb2 0-0 7. 0-0 Nbd7 8. d3 b6 9. Nbd2 Bb7 10. Qc2 c5 11. e3 Rc8 12. Rac1 Qc7 13. Qb1 Qb8 14. Qa1 Ne8 15. Rfd1 Bf6 16. d4 cxd4 17. exd4 Be7 18. Ne5 Nef6 19. cxd5 Nxe5 20. dxe5 Nxd5 21. Ne4 Rfd8 22. Qb1 Nb4 23. Rxc8 Qxc8 24. Rxd8+ Qxd8 25. Nf6+ Bxf6 26. Bxb7 Be7 27. Be4 h6 28. a3 Nd5 29. Qd3 Qd7 30. h4 b5 31. b4 a6 32. h5 Qc6 33. Kg2 Bd8 34. Bd4 Be7 35. f4 Qc1 36. Qc2 Ne3+ 37. Bxe3 Qxe3 38. f5 Bf8 39. fxe6 fxe6 40. Bh7+ Kh8 41. Be4 Qxa3 42. Qc8 Qxb4 43. Bg6 Qe7 44. Qxa6 Qd7 45. Kh3 b4 46. Qa8 Kg8 47. Qb8 Qc6 48. Qa7 Qh1+ 49. Kg4 Qd1+ 50. Kh3 Qf1+ 51. Kg4 Qe2+ 1/2-1/2

[Event "Las Vegas National op"]
[Site "Las Vegas"]
[Date "2022.06.10"]
[Round "4"]
[White "Kondakov, Adrian"]
[Black "Zhou, Qiyu"]
[Result "0-1"]
[WhiteElo "2001"]
[BlackElo "2218"]
[PlyCount "160"]
[EventDate "2022.06.08"]
[EventType "swiss"]
[EventRounds "9"]
[EventCountry "USA"]
[SourceTitle "CBM 208 Extra"]
[Source "ChessBase"]
[SourceDate "2022.07.31"]
[SourceVersion "1"]
[SourceVersionDate "2022.07.31"]
[SourceQuality "1"]

1. e4 e5 2. Bc4 Nf6 3. d3 Nc6 4. Nf3 Be7 5. 0-0 0-0 6. h3 d6 7. c3 Na5 8. Bb5 a6 9. Ba4 b5 10. Bc2 c5 11. Nbd2 h6 12. Re1 Be6 13. Nf1 Nc6 14. Ng3 Qc7 15. Nh2 d5 16. Ng4 d4 17. Nxf6+ Bxf6 18. Qf3 Bg5 19. Nf5 Qd8 20. cxd4 Bxf5 21. exf5 Nxd4 22. Qd1 Re8 23. Bb3 Nxf5 24. Qf3 Qd7 25. Bxg5 hxg5 26. Rxe5 Rxe5 27. Qxa8+ Kh7 28. Qf3 Kg8 29. Qa8+ Kh7 30. Qf3 Nh6 31. a4 Qd4 32. Rb1 bxa4 33. Bc4 a5 34. Qd1 g4 35. hxg4 Nxg4 36. Qf3 Nh6 37. g3 g6 38. Kg2 Kg7 39. Rh1 Rf5 40. Qe2 Ng4 41. Rf1 Ne5 42. f4 Nd7 43. Qf2 Nb6 44. Re1 Qd7 45. Qe3 Nxc4 46. dxc4 Qb7+ 47. Qe4 Qxb2+ 48. Re2 Qf6 49. Ra2 Rh5 50. g4 Rh8 51. Qe5 Qxe5 52. fxe5 Rb8 53. Rxa4 Rb4 54. Rxa5 Rxc4 55. Kf3 g5 56. Ke3 Kf8 57. Kd3 Rd4+ 58. Ke3 Rc4 59. Kd3 Rxg4 60. Rxc5 Ke7 61. Rc6 Rf4 62. Ke3 Rf1 63. Ke4 g4 64. Rc3 f5+ 65. exf6+ Kxf6 66. Rc8 Kg5 67. Rg8+ Kh4 68. Ke3 Kg3 69. Ke2 Rf4 70. Ke3 Rf7 71. Ke2 Kh3 72. Rh8+ Kg2 73. Rg8 Re7+ 74. Kd2 g3 75. Rg6 Kf2 76. Rf6+ Kg1 77. Rg6 g2 78. Kd3 Rh7 79. Ke2 Kh1 80. Kf2 Rf7+ 0-1

[Event "PNWCC WOW op"]
[Site "Chess.com INT"]
[Date "2020.12.28"]
[Round "9"]
[White "Kondakov, Adrian"]
[Black "Sarkar, Justin"]
[Result "0-1"]
[WhiteElo "1986"]
[BlackElo "2366"]
[PlyCount "66"]
[EventDate "2020.12.26"]
[EventType "swiss"]
[EventRounds "9"]
[EventCountry "USA"]
[SourceTitle "CBM 200 Extra"]
[Source "ChessBase"]
[SourceDate "2021.03.31"]
[SourceVersion "1"]
[SourceVersionDate "2021.03.31"]
[SourceQuality "1"]

1. e4 e6 2. d4 d5 3. Nc3 Bb4 4. e5 c5 5. a3 Bxc3+ 6. bxc3 Ne7 7. Qg4 Kf8 8. Nf3 Qa5 9. Bd2 Qa4 10. Qf4 Qxc2 11. dxc5 Nd7 12. Qb4 Nc6 13. Qb5 a6 14. Qd3 Qxd3 15. Bxd3 Ncxe5 16. Nxe5 Nxe5 17. Be2 Bd7 18. Rb1 Bc6 19. 0-0 Ke7 20. Bf4 f6 21. a4 Rhd8 22. Be3 a5 23. Bb5 Nc4 24. Bxc4 dxc4 25. Ra1 Rd3 26. Rfc1 Rad8 27. h3 e5 28. Kh2 g5 29. g4 h5 30. Kg3 Rxe3+ 31. fxe3 Rd2 32. h4 Rg2+ 33. Kh3 hxg4# 0-1

[Event "PNWCC WOW op"]
[Site "Chess.com INT"]
[Date "2020.12.27"]
[Round "5"]
[White "Vijayakumar, Advaith"]
[Black "Kondakov, Adrian"]
[Result "1-0"]
[WhiteElo "1846"]
[BlackElo "1986"]
[PlyCount "191"]
[EventDate "2020.12.26"]
[EventType "swiss"]
[EventRounds "9"]
[EventCountry "USA"]
[SourceTitle "CBM 200 Extra"]
[Source "ChessBase"]
[SourceDate "2021.03.31"]
[SourceVersion "1"]
[SourceVersionDate "2021.03.31"]
[SourceQuality "1"]

1. d4 Nf6 2. c4 g6 3. g3 Bg7 4. Bg2 0-0 5. Nc3 d6 6. Nf3 Nc6 7. 0-0 a6 8. b3 e5 9. Bb2 e4 10. Ne1 Re8 11. Nc2 h5 12. Ne3 Bh6 13. Ned5 Bf5 14. Nxf6+ Qxf6 15. d5 Nd8 16. Na4 Qe7 17. Qd4 Qe5 18. Qxe5 dxe5 19. e3 b5 20. cxb5 axb5 21. Nc3 b4 22. Nxe4 Bxe4 23. Bxe4 f5 24. Bd3 Nf7 25. Rfc1 Ra7 26. Bb5 Rea8 27. Ba4 Bf8 28. a3 Rd8 29. Rc6 Kh7 30. axb4 Bxb4 31. Rac1 Bd6 32. Kg2 Rb8 33. R1c2 Ra5 34. Rd2 Ra7 35. f3 Nd8 36. Rc4 Nb7 37. Rdc2 Na5 38. R4c3 Rab7 39. e4 Nxb3 40. Bxb3 Rxb3 41. Rxc7+ Bxc7 42. Rxc7+ Kg8 43. Bxe5 R8b7 44. Rc8+ Kf7 45. exf5 gxf5 46. Rh8 R3b5 47. Rxh5 Rxd5 48. Rh7+ Kg6 49. Rxb7 Rxe5 50. h4 Ra5 51. Rb2 Kf6 52. Rb3 Ra4 53. Kh3 Kg6 54. g4 Ra6 55. Rc3 Rb6 56. Kg3 Ra6 57. h5+ Kh6 58. Kh4 fxg4 59. fxg4 Ra1 60. Rc6+ Kg7 61. Rc5 Ra6 62. Rc7+ Kh8 63. Rf7 Kg8 64. Rf4 Kg7 65. g5 Ra1 66. Rb4 Rh1+ 67. Kg4 Rg1+ 68. Kf5 Rf1+ 69. Rf4 Ra1 70. h6+ Kh7 71. Rh4 Rf1+ 72. Kg4 Rg1+ 73. Kh5 Rg2 74. Ra4 Rh2+ 75. Kg4 Rg2+ 76. Kf4 Rf2+ 77. Ke5 Re2+ 78. Re4 Ra2 79. Kf4 Rf2+ 80. Kg3 Ra2 81. Re7+ Kg6 82. Rg7+ Kf5 83. h7 Ra3+ 84. Kg2 Ra2+ 85. Kg1 Ra1+ 86. Kh2 Ra2+ 87. Kg3 Ra3+ 88. Kf2 Ra2+ 89. Ke3 Ra3+ 90. Kd4 Rh3 91. g6 Rh4+ 92. Ke3 Rh3+ 93. Ke2 Rh2+ 94. Kf1 Kf4 95. Rg8 Kf3 96. h8Q 1-0

[Event "PNWCC Thanksgiving op"]
[Site "Chess.com INT"]
[Date "2020.11.29"]
[Round "8"]
[White "Kondakov, Adrian"]
[Black "Vega, Isaac"]
[Result "1/2-1/2"]
[WhiteElo "1986"]
[BlackElo "1735"]
[PlyCount "83"]
[EventDate "2020.11.27"]
[EventType "swiss (rapid)"]
[EventRounds "9"]
[EventCountry "USA"]
[SourceTitle "CBM 199 Extra"]
[Source "ChessBase"]
[SourceDate "2021.01.31"]
[SourceVersion "1"]
[SourceVersionDate "2021.01.31"]
[SourceQuality "1"]

1. e4 c5 2. Nf3 e6 3. d4 cxd4 4. Nxd4 a6 5. f4 b5 6. Bd3 Bb7 7. Be3 Qc7 8. Nd2 Nf6 9. 0-0 Nc6 10. c3 Be7 11. Qe2 d6 12. N2f3 0-0 13. h3 g6 14. Nxc6 Bxc6 15. Bd4 Nh5 16. Qd2 f5 17. e5 Ng3 18. Rfe1 Bxf3 19. gxf3 d5 20. a4 Qb7 21. axb5 axb5 22. b4 Nh5 23. Be3 Bh4 24. Bf2 Bxf2+ 25. Kxf2 Ra4 26. Rxa4 bxa4 27. h4 Qe7 28. Rh1 Ra8 29. Bb5 a3 30. Bc6 Ra7 31. Ke3 a2 32. Ra1 Qxh4 33. Qd4 Ra3 34. b5 Qh2 35. Qb4 d4+ 36. Qxd4 Rb3 37. Qd8+ Kg7 38. Qe7+ Kh6 39. Qg5+ Kg7 40. Qe7+ Kh6 41. Qg5+ Kg7 42. Qe7+ 1/2-1/2

[Event "PNWCC Thanksgiving op"]
[Site "Chess.com INT"]
[Date "2020.11.29"]
[Round "9"]
[White "Yang, Maxwell"]
[Black "Kondakov, Adrian"]
[Result "1/2-1/2"]
[WhiteElo "1075"]
[BlackElo "1986"]
[PlyCount "140"]
[EventDate "2020.11.27"]
[EventType "swiss (rapid)"]
[EventRounds "9"]
[EventCountry "USA"]
[SourceTitle "CBM 199 Extra"]
[Source "ChessBase"]
[SourceDate "2021.01.31"]
[SourceVersion "1"]
[SourceVersionDate "2021.01.31"]
[SourceQuality "1"]

1. Nf3 Nf6 2. c4 g6 3. d4 Bg7 4. Nc3 0-0 5. e4 d6 6. Be2 e5 7. 0-0 Nc6 8. d5 Ne7 9. Ne1 Nd7 10. Be3 f5 11. f3 f4 12. Bf2 g5 13. b4 Nf6 14. Rc1 h5 15. c5 Rf7 16. cxd6 cxd6 17. a4 Ng6 18. a5 g4 19. Nb5 g3 20. Bxa7 Ne8 21. h3 Qh4 22. Bd3 Bd7 23. Bb6 Bf6 24. Qe2 Bd8 25. Bxd8 Qxd8 26. Na3 Rc8 27. Nec2 Qc7 28. Nc4 Qb8 29. N2a3 Rc7 30. Nb6 Qd8 31. Nb5 Bxb5 32. Bxb5 Nf6 33. Qd2 Nf8 34. Rxc7 Rxc7 35. Rc1 N8d7 36. Na4 Ne8 37. Rc3 Qb8 38. Bxd7 Rxd7 39. Nb6 Rc7 40. Qc2 Kf7 41. Kf1 Rxc3 42. Qxc3 Qc7 43. Qxc7+ Nxc7 44. Ke2 Nb5 45. Kd3 Ke8 46. Nc4 Kd7 47. Nb6+ Kc7 48. Nc4 h4 49. Kd2 Nd4 50. Ke1 Nc2+ 51. Kd2 Nxb4 52. Kc3 Na6 53. Nd2 Nc5 54. Kc4 b6 55. axb6+ Kxb6 56. Kc3 Kb5 57. Nc4 Nb7 58. Na3+ Kc5 59. Nc4 Nd8 60. Na3 Nf7 61. Nc2 Ng5 62. Ne1 Kb5 63. Kb3 Nh7 64. Nc2 Nf6 65. Ne1 Nd7 66. Nd3 Nb6 67. Nb2 Nd7 68. Nd3 Nf6 69. Ne1 Ne8 70. Nd3 Nf6 1/2-1/2

[Event "PNWCC Thanksgiving op"]
[Site "Chess.com INT"]
[Date "2020.11.27"]
[Round "3"]
[White "Rasulov, Vugar Ural Oglu"]
[Black "Kondakov, Adrian"]
[Result "1-0"]
[WhiteElo "2478"]
[BlackElo "1986"]
[PlyCount "84"]
[EventDate "2020.11.27"]
[EventType "swiss (rapid)"]
[EventRounds "9"]
[EventCountry "USA"]
[SourceTitle "CBM 199 Extra"]
[Source "ChessBase"]
[SourceDate "2021.01.31"]
[SourceVersion "1"]
[SourceVersionDate "2021.01.31"]
[SourceQuality "1"]

1. e4 e5 2. Nf3 Nc6 3. Bc4 Bc5 4. c3 Nf6 5. d4 exd4 6. e5 d5 7. Bb5 Ne4 8. cxd4 Bb6 9. Be3 0-0 10. Nc3 Bg4 11. h3 Bf5 12. 0-0 Ne7 13. Bd3 Ba5 14. Qc2 Bxc3 15. bxc3 Qd7 16. Nh4 Qc6 17. f3 Qxc3 18. Qxc3 Nxc3 19. Nxf5 Nxf5 20. Bxf5 Ne2+ 21. Kf2 Nc3 22. Rfc1 g6 23. Rxc3 gxf5 24. Rxc7 b6 25. Rac1 Kg7 26. Bg5 Kg6 27. Bf6 Rfe8 28. R1c6 Re6 29. Rxe6 fxe6 30. g4 Kh6 31. g5+ Kh5 32. Rxh7+ Kg6 33. Rh6+ Kf7 34. g6+ Ke8 35. Rh8+ Kd7 36. Rxa8 Kc6 37. g7 Kb5 38. g8Q Kc4 39. Qxe6 Kd3 40. Qxd5 Kc2 41. Rc8+ Kb2 42. Qb3+ Ka1 1-0

[Event "PNWCC Online Masters Artist Point"]
[Site "Chess.com INT"]
[Date "2020.09.07"]
[Round "9"]
[White "Kondakov, Adrian"]
[Black "Easton, Jack R"]
[Result "1/2-1/2"]
[WhiteElo "1986"]
[BlackElo "2175"]
[PlyCount "46"]
[EventDate "2020.09.05"]
[EventType "swiss"]
[EventRounds "9"]
[EventCountry "USA"]
[SourceTitle "CBM 198 Extra"]
[Source "ChessBase"]
[SourceDate "2020.11.30"]
[SourceVersion "1"]
[SourceVersionDate "2020.11.30"]
[SourceQuality "1"]

1. e4 d5 2. exd5 Qxd5 3. Nc3 Qa5 4. d4 Nf6 5. Nf3 c6 6. h3 Bf5 7. Bd3 Bxd3 8. Qxd3 e6 9. 0-0 Nbd7 10. Ne4 Nxe4 11. Qxe4 Qd5 12. Qd3 Nf6 13. Bf4 Be7 14. Rfe1 0-0 15. Qb3 Qxb3 16. axb3 Nd5 17. Bg5 Bxg5 18. Nxg5 Rfd8 19. c3 a6 20. Ne4 b6 21. b4 h6 22. Ra2 Nc7 23. Re2 Rd5 1/2-1/2

[Event "PNWCC Online Masters Artist Point"]
[Site "Chess.com INT"]
[Date "2020.09.06"]
[Round "4"]
[White "Vivekananthan, Anish"]
[Black "Kondakov, Adrian"]
[Result "1-0"]
[WhiteElo "2239"]
[BlackElo "1986"]
[PlyCount "103"]
[EventDate "2020.09.05"]
[EventType "swiss"]
[EventRounds "9"]
[EventCountry "USA"]
[SourceTitle "CBM 198 Extra"]
[Source "ChessBase"]
[SourceDate "2020.11.30"]
[SourceVersion "1"]
[SourceVersionDate "2020.11.30"]
[SourceQuality "1"]

1. c4 Nf6 2. Nf3 g6 3. Nc3 Bg7 4. g3 d6 5. Bg2 0-0 6. 0-0 e5 7. d3 Nc6 8. Rb1 a5 9. a3 Ne7 10. b4 c6 11. b5 Nd7 12. Ng5 h6 13. Nge4 d5 14. bxc6 bxc6 15. cxd5 cxd5 16. Nd6 Nf6 17. Nxc8 Rxc8 18. Nb5 Nc6 19. a4 Re8 20. Be3 Bf8 21. Qb3 Nb4 22. Rfc1 Qd7 23. Bb6 Rc6 24. Bxa5 Na6 25. Bd2 Nc5 26. Qd1 e4 27. Bc3 e3 28. f4 Ng4 29. Qc2 Ne6 30. Qb3 Qe7 31. Bxd5 Nxf4 32. gxf4 Rxc3 33. Bxf7+ Kh7 34. Bg8+ Kh8 35. Qxc3+ Kxg8 36. Qc6 Qh4 37. Qg2 Nf2 38. Qxg6+ Kh8 39. Rc7 Nh3+ 40. Kh1 Nf2+ 41. Kg2 Re7 42. Rxe7 Bxe7 43. Qg3 Qh5 44. Qxe3 Ng4 45. Qh3 Qd5+ 46. Qf3 Qg8 47. Kh1 Bh4 48. Rg1 h5 49. h3 Nf2+ 50. Qxf2 Bxf2 51. Rxg8+ Kxg8 52. a5 1-0

[Event "PNWCC Online Masters Artist Point"]
[Site "Chess.com INT"]
[Date "2020.09.05"]
[Round "3"]
[White "Kondakov, Adrian"]
[Black "Yang, Alexander Z"]
[Result "1-0"]
[WhiteElo "1986"]
[BlackElo "1630"]
[PlyCount "111"]
[EventDate "2020.09.05"]
[EventType "swiss"]
[EventRounds "9"]
[EventCountry "USA"]
[SourceTitle "CBM 198 Extra"]
[Source "ChessBase"]
[SourceDate "2020.11.30"]
[SourceVersion "1"]
[SourceVersionDate "2020.11.30"]
[SourceQuality "1"]

1. e4 c5 2. Nf3 d6 3. d4 cxd4 4. Nxd4 Nf6 5. Nc3 a6 6. h3 e6 7. g4 h6 8. Bg2 Nc6 9. Nde2 Bd7 10. Be3 b5 11. a3 Rc8 12. 0-0 Be7 13. f4 e5 14. f5 Na5 15. b3 Bc6 16. Qd3 Nb7 17. b4 Nd7 18. a4 Bg5 19. axb5 axb5 20. Bf2 0-0 21. Ra6 Nb8 22. Ra7 Qd7 23. Nd5 Bxd5 24. Qxd5 Nc6 25. Qxb5 Rc7 26. Ra6 Rb8 27. Qa4 Bd8 28. Bb6 Rcc8 29. Bxd8 Nbxd8 30. c3 Qb7 31. Ra1 f6 32. Qb3+ Nf7 33. Qd5 Ne7 34. Qxb7 Rxb7 35. Ra7 Rbc7 36. b5 Nd8 37. b6 Rb7 38. Rd1 Nec6 39. Rxb7 Nxb7 40. Nc1 Nca5 41. Na2 Nc4 42. Bf1 Ne3 43. Rb1 Nxf1 44. Kxf1 Rb8 45. Nb4 Nc5 46. Nc6 Rb7 47. Na5 Rb8 48. b7 Kf8 49. Rb6 Ke8 50. Rxd6 Nxb7 51. Rb6 Nxa5 52. Rxb8+ Kf7 53. Ke2 Nc4 54. Kd3 Nd6 55. c4 Ke7 56. c5 1-0

[Event "PNWCC Online Masters Artist Point"]
[Site "Chess.com INT"]
[Date "2020.09.05"]
[Round "1"]
[White "Vazquez, Guillermo"]
[Black "Kondakov, Adrian"]
[Result "1/2-1/2"]
[WhiteElo "2527"]
[BlackElo "1986"]
[PlyCount "77"]
[EventDate "2020.09.05"]
[EventType "swiss"]
[EventRounds "9"]
[EventCountry "USA"]
[SourceTitle "CBM 198 Extra"]
[Source "ChessBase"]
[SourceDate "2020.11.30"]
[SourceVersion "1"]
[SourceVersionDate "2020.11.30"]
[SourceQuality "1"]

1. e4 e5 2. Nf3 Nc6 3. Bc4 Bc5 4. c3 Nf6 5. d3 d6 6. 0-0 a6 7. a4 Ba7 8. Nbd2 h6 9. Re1 g5 10. Nf1 g4 11. N3d2 h5 12. Nb3 h4 13. d4 g3 14. fxg3 hxg3 15. h3 exd4 16. cxd4 Ne5 17. Be2 Nxe4 18. Bf3 Nf2 19. Qe2 Kf8 20. Be3 Ned3 21. Red1 Nxd1 22. Rxd1 Nb4 23. Qd2 Nc6 24. Bg5 Qd7 25. Bh6+ Ke8 26. Re1+ Ne5 27. Bg7 Rh7 28. Qg5 Qe7 29. Bxe5 Qxg5 30. Bf6+ Qe5 31. Bxe5 dxe5 32. Rxe5+ Kf8 33. Nxg3 Be6 34. Nc5 Bxc5 35. dxc5 c6 36. Ne4 Rd8 37. Nd6 Rd7 38. a5 Rh4 39. Be4 1/2-1/2